Music Quiz

Random Music or Album Quiz

Britney Spears Songs Quiz Stats

 Plays Quiz Updated Dec 4, 2013

Also try: Rihanna Songs
Challenge
Share
Tweet
Embed
Score 0/108 Timer 15:00
1 Play Today
Album Track Name % Correct
Oops!...I Did It Again Oops!...I Did It Again
91.8%
...Baby One More Time...Baby One More Time
91.6%
CircusCircus
86.1%
In The ZoneToxic
80.3%
Oops!...I Did It Again Lucky
70.7%
BritneyI'm A Slave 4 U
69.6%
Britney JeanWork B*tch
69.2%
...Baby One More Time(You Drive Me) Crazy
66.2%
GloryMake Me...
65.7%
CircusWomanizer
65.6%
Oops!...I Did It Again Stronger
65.6%
Britney JeanPerfume
63.9%
GlorySlumber Party
62.1%
...Baby One More TimeSometimes
61.4%
CircusIf U Seek Amy
59.5%
Britney JeanAlien
58.6%
BlackoutGimme More
58.1%
In The ZoneMe Against The Music
56.1%
BlackoutPiece Of Me
54.7%
BritneyI'm Not A Girl, Not Yet A Woman
54.5%
In The ZoneEverytime
53.2%
BlackoutRadar
51.6%
GloryInvitation
49.4%
GloryPrivate Show
47.9%
BritneyBoys
47.7%
BlackoutBreak The Ice
47.4%
BritneyOverprotected
46.9%
Britney JeanTik Tik Boom
46.4%
GloryDo You Wanna Come Over?
46%
GloryJust Luv Me
45.2%
GloryMan on the Moon
45.2%
Britney JeanChillin' With You
45%
Britney JeanPassenger
44.1%
...Baby One More TimeSoda Pop
44.1%
GloryClumsy
43.9%
BritneyI Love Rock 'n' Roll
43.8%
Album Track Name % Correct
GloryJust Like Me
43.3%
...Baby One More TimeBorn To Make You Happy
42.9%
Oops!...I Did It Again Don't Let Me Be The Last To Know
40.9%
Britney JeanBody Ache
40.7%
...Baby One More TimeFrom The Bottom Of My Broken Heart
40.6%
Britney JeanIt Should Be Easy
40.6%
Oops!...I Did It Again (I Can't Get No) Satisfaction
39.3%
Oops!...I Did It Again Dear Diary
38.2%
Britney JeanTil It's Gone
38%
Britney JeanBrightest Morning Star
37.5%
GloryLove Me Down
37.1%
In The ZoneOutrageous
36.7%
Britney JeanDon't Cry
36.2%
...Baby One More TimeE-Mail My Heart
35.5%
In The Zone(I Got That) Boom Boom
35.5%
BritneyCinderella
35%
GloryWhat You Need
34.8%
CircusKill The Lights
34.7%
BlackoutHot As Ice
34.3%
BlackoutToy Soldier
34.2%
In The ZoneTouch Of My Hand
33.6%
Britney JeanNow That I Found You
33.5%
In The ZoneBreathe On Me
33.3%
CircusShattered Glass
33.3%
BlackoutFreakshow
33%
BlackoutGet Naked (I Got A Plan)
32.9%
Britney JeanHold On Tight
32.7%
Femme FataleHold It Against Me
32.6%
Femme FataleTill the World Ends
32.4%
GloryHard to Forget Ya
32.3%
CircusLace And Leather
32.1%
CircusMy Baby
31.7%
BritneyAnticipating
31.3%
CircusMmm Papi
31.3%
...Baby One More TimeThe Beat Goes On
31.2%
CircusOut From Under
31.2%
Album Track Name % Correct
Oops!...I Did It Again Don't Go Knockin' On My Door
30.9%
CircusMannequin
30.8%
Femme FataleI Wanna Go
30.3%
Oops!...I Did It Again What U See (Is What U Get)
30.2%
In The ZoneShadow
30.1%
BlackoutOoh Ooh Baby
29.9%
BritneyLonely
29.8%
CircusUnusual You
29.7%
BritneyBombastic Love
29.6%
BlackoutHeaven On Earth
29%
In The ZoneShowdown
28.8%
...Baby One More TimeI Will Be There
28.8%
Femme FataleCriminal
28.7%
CircusBlur
28.6%
In The ZoneBrave New Girl
28.5%
BlackoutWhy Should I Be Sad
28.5%
In The ZoneEarly Mornin'
28.2%
In The ZoneThe Hook Up
27.3%
BlackoutPerfect Lover
27%
BritneyWhat It's Like To Be Me
26.6%
BritneyLet Me Be
25.1%
...Baby One More TimeI Will Still Love You
24.9%
Oops!...I Did It Again Can't Make You Love Me
24.4%
Oops!...I Did It Again One Kiss From You
23.2%
Oops!...I Did It Again Where Are You Now
23.1%
Femme FataleBig Fat Bass
22.8%
Femme FataleInside Out
22.7%
BritneyThat's Where You Take Me
22.4%
Femme FataleGasoline
22.2%
...Baby One More TimeThinkin' About You
22.1%
Oops!...I Did It Again When Your Eyes Say It
22.1%
Femme Fatale(Drop Dead) Beautiful
21.4%
Femme FataleHow I Roll
21.1%
Femme FataleTrouble for Me
19.1%
Femme FataleSeal It with a Kiss
18.5%
Femme FataleTrip to Your Heart
18.5%

You're not logged in!

Compare scores with friends on all Sporcle quizzes.
OR
Log In

You Might Also Like...

Show Comments

Extras

Top Quizzes Today


Score Distribution

Your Account Isn't Verified!

In order to create a playlist on Sporcle, you need to verify the email address you used during registration. Go to your Sporcle Settings to finish the process.

Report this User

Report this user for behavior that violates our Community Guidelines.

Details: